[Event "Chess.com Bullet op1"]
[Site "Chess.com INT"]
[Date "2020.12.19"]
[Round "1"]
[White "Hajek, Oskar"]
[Black "Acor, Corey B"]
[Result "0-1"]
[WhiteElo "2165"]
[BlackElo "2223"]
[PlyCount "84"]
[EventDate "2020.12.19"]
[EventType "swiss (blitz)"]
[EventRounds "21"]
[EventCountry "USA"]
[SourceTitle "EXT 2022"]
[Source "ChessBase"]
[SourceDate "2021.10.06"]
[SourceVersion "1"]
[SourceVersionDate "2021.10.06"]
[SourceQuality "1"]

1. e4 e5 2. Nf3 Nc6 3. Bb5 Nge7 4. Nc3 d6 5. d4 Bd7 6. 0-0 Ng6 7. d5 Nb8 8. Bxd7+ Nxd7 9. Ng5 Be7 10. Nh3 0-0 11. f4 f5 12. fxe5 fxe4 13. Rxf8+ Qxf8 14. e6 Nf6 15. Bg5 h6 16. Bxf6 Qxf6 17. Qe2 Qe5 18. Rf1 Bf6 19. Qxe4 Qd4+ 20. Qxd4 Bxd4+ 21. Kh1 a6 22. g3 Ne7 23. Kg2 Bxc3 24. bxc3 Nxd5 25. Rf7 Re8 26. Nf4 Nxf4+ 27. gxf4 Rxe6 28. Rxc7 Re2+ 29. Kg3 Rxc2 30. Rxb7 Rxc3+ 31. Kg4 Ra3 32. Kf5 Kh7 33. h4 Rxa2 34. Rd7 Ra5+ 35. Ke6 Ra4 36. f5 Re4+ 37. Kf7 Rxh4 38. f6 Rf4 39. Ke6 Rxf6+ 40. Kd5 a5 41. Rxd6 a4 42. Rd7 Rf5+ 0-1

[Event "AUT-chT2O 2021"]
[Site "Austria"]
[Date "2020.10.17"]
[Round "1.5"]
[White "Hajek, Oskar"]
[Black "Miazhynski, Yuri"]
[Result "1/2-1/2"]
[WhiteElo "2163"]
[BlackElo "2162"]
[PlyCount "109"]
[EventDate "2020.10.17"]
[EventType "team-tourn"]
[EventRounds "11"]
[EventCountry "AUT"]
[SourceTitle "CBM 199 Extra"]
[Source "ChessBase"]
[SourceDate "2021.01.31"]
[SourceVersion "1"]
[SourceVersionDate "2021.01.31"]
[SourceQuality "1"]
[WhiteTeam "Mistelbach/Altlichtenwarth"]
[BlackTeam "Bad Voeslau"]
[WhiteTeamCountry "AUT"]
[BlackTeamCountry "AUT"]

1. e4 g6 2. d4 Bg7 3. Nc3 d6 4. Be3 a6 5. Qd2 b5 6. 0-0-0 Nd7 7. h4 h5 8. Nf3 Nh6 9. e5 Nb6 10. Ne4 Bf5 11. Bd3 Bxe4 12. Bxe4 d5 13. Bd3 e6 14. Bg5 Qd7 15. Qf4 Ng4 16. Ng1 c5 17. c3 c4 18. Bc2 a5 19. Ne2 b4 20. Rhf1 b3 21. axb3 cxb3 22. Bd3 a4 23. f3 Nh6 24. Bf6 Bxf6 25. Qxf6 Rg8 26. Kd2 a3 27. bxa3 Nc4+ 28. Bxc4 dxc4 29. Ra1 Qe7 30. Qf4 g5 31. Qe4 Rxa3 32. Qh7 Rg6 33. Qh8+ Ng8 34. g4 Kf8 35. hxg5 Qa7 36. gxh5 Rxa1 37. Rxa1 Qxa1 38. hxg6 fxg6 39. Qh3 b2 40. Qxe6 b1Q 41. Qc8+ Kg7 42. Qd7+ Kh8 43. Qh3+ Nh6 44. Qc8+ Ng8 45. Qh3+ Kg7 46. Qd7+ Kf8 47. Qd8+ Kf7 48. Qd7+ Kf8 49. Qd8+ Kg7 50. Qd7+ Kh8 51. Qh3+ Kg7 52. Qd7+ Kh8 53. Qh3+ Kg7 54. Qd7+ Kh8 55. Qh3+ 1/2-1/2

[Event "AUT-chT2O 1920"]
[Site "Austria"]
[Date "2020.03.01"]
[Round "9.6"]
[White "Herndlbauer, Martin"]
[Black "Hajek, Oskar"]
[Result "1-0"]
[WhiteElo "2047"]
[BlackElo "2166"]
[PlyCount "121"]
[EventDate "2019.10.19"]
[EventType "team-tourn"]
[EventRounds "11"]
[EventCountry "AUT"]
[SourceTitle "CBM 195 Extra"]
[Source "ChessBase"]
[SourceDate "2020.05.31"]
[SourceVersion "1"]
[SourceVersionDate "2020.05.31"]
[SourceQuality "1"]
[WhiteTeam "Baden Invest"]
[BlackTeam "Mistelbach/Altlichtenwarth"]
[WhiteTeamCountry "AUT"]
[BlackTeamCountry "AUT"]

1. d4 Nf6 2. Nf3 c5 3. d5 e6 4. c4 exd5 5. cxd5 d6 6. Nc3 g6 7. e3 Bg7 8. Be2 0-0 9. 0-0 Na6 10. Nd2 Nc7 11. e4 Re8 12. a4 Rb8 13. f3 b6 14. Nc4 Ba6 15. Bg5 Bxc4 16. Bxc4 a6 17. Qd3 Qc8 18. Bf4 Bf8 19. e5 Nh5 20. Bg5 Rxe5 21. f4 Re8 22. f5 f6 23. Bd2 g5 24. Qf3 Ng7 25. Bxg5 fxg5 26. f6 Re5 27. fxg7 Bxg7 28. Qf7+ Kh8 29. Bd3 Rb7 30. Qh5 Qg8 31. Rf7 c4 32. Bc2 g4 33. Qh4 Ra7 34. Raf1 Nb5 35. axb5 Rxf7 36. Rxf7 h5 37. Rf1 axb5 38. Bf5 Qe8 39. Be6 b4 40. Nd1 Qg6 41. Qd8+ Kh7 42. Qxd6 g3 43. Qxe5 Bxe5 44. Bf5 gxh2+ 45. Kh1 Qxf5 46. Rxf5 c3 47. bxc3 bxc3 48. Nxc3 Bxc3 49. d6 Kg6 50. d7 Kxf5 51. d8Q Be5 52. Qxb6 Bg3 53. Qc5+ Kg4 54. Qc8+ Kg5 55. Qg8+ Kf4 56. Qf7+ Kg5 57. Qg7+ Kf4 58. Qf6+ Kg4 59. Qg6+ Kh4 60. Qf5 Bb8 61. Qh3+ 1-0

[Event "CZE-chT2E 1920"]
[Site "Czech Republic"]
[Date "2020.02.09"]
[Round "8.5"]
[White "Hajek, Oskar"]
[Black "Hosek, Martin"]
[Result "1-0"]
[WhiteElo "2166"]
[BlackElo "2152"]
[PlyCount "167"]
[EventDate "2019.10.13"]
[EventType "team-tourn"]
[EventRounds "11"]
[EventCountry "CZE"]
[SourceTitle "EXT 2024"]
[Source "ChessBase"]
[SourceDate "2023.10.10"]
[SourceVersion "1"]
[SourceVersionDate "2023.10.10"]
[SourceQuality "1"]
[WhiteTeam "Prusanky Podluzan"]
[BlackTeam "Jundrov Jezdci"]
[WhiteTeamCountry "CZE"]
[BlackTeamCountry "CZE"]

1. d4 Nf6 2. Nc3 d5 3. Bf4 e6 4. Nb5 Na6 5. e3 c6 6. Nc3 Nb8 7. a3 Bd6 8. Bxd6 Qxd6 9. f4 Nbd7 10. Nf3 0-0 11. Ne5 Ne4 12. Nxe4 dxe4 13. Bc4 f6 14. Nxd7 Bxd7 15. 0-0 Kh8 16. Qe2 Rae8 17. Rad1 Qc7 18. Ba2 Re7 19. c4 c5 20. dxc5 Qxc5 21. Rd4 f5 22. Rfd1 Qc7 23. Qd2 Bc8 24. Qb4 Rfe8 25. Bb3 e5 26. fxe5 Qxe5 27. Rd8 Qc7 28. Qd6 Qxd6 29. R1xd6 Be6 30. Ba4 Rg8 31. c5 g5 32. b4 f4 33. Kf2 Rxd8 34. Rxd8+ Kg7 35. b5 Rc7 36. c6 Kf7 37. Rh8 Kf6 38. g3 bxc6 39. bxc6 fxg3+ 40. Kxg3 Ke5 41. Rb8 Bd5 42. Re8+ Kd6 43. Rd8+ Kc5 44. Rd7 Rc8 45. Rxh7 Bxc6 46. Bxc6 Rxc6 47. Rxa7 Kd6 48. Ra4 Ke5 49. Ra5+ Kf6 50. Kg4 Rc2 51. Rf5+ Ke6 52. Rxg5 Rxh2 53. Kf4 Rh4+ 54. Rg4 Rh5 55. Rg6+ Ke7 56. Ra6 Rh4+ 57. Ke5 Kd7 58. Rd6+ Ke7 59. Rd4 Rh5+ 60. Kxe4 Ke6 61. a4 Rh4+ 62. Kd3 Rh1 63. Rb4 Rg1 64. a5 Ra1 65. Rb5 Ra4 66. Rh5 Kd6 67. Ke2 Ke6 68. Kf3 Kd6 69. Rh6+ Ke5 70. a6 Ra3 71. Rb6 Kf5 72. Ke2 Ke4 73. Kd2 Ra2+ 74. Kc3 Kxe3 75. Re6+ Kf4 76. Kb4 Kf5 77. Rh6 Ke5 78. Kb5 Kd5 79. Kb6 Rb2+ 80. Kc7 Ra2 81. Kb7 Kc5 82. Rh5+ Kd6 83. Rb5 Kd7 84. a7 1-0

[Event "Niederoesterreich Landesliga 1920"]
[Site "Austria"]
[Date "2019.11.24"]
[Round "4.3"]
[White "Hajek, Oskar"]
[Black "Schmid, Thomas2222"]
[Result "1-0"]
[WhiteElo "2166"]
[BlackElo "2109"]
[PlyCount "95"]
[EventDate "2019.09.22"]
[EventType "team-tourn"]
[EventRounds "9"]
[EventCountry "AUT"]
[SourceTitle "CBM 195 Extra"]
[Source "ChessBase"]
[SourceDate "2020.05.31"]
[SourceVersion "1"]
[SourceVersionDate "2020.05.31"]
[SourceQuality "1"]
[WhiteTeam "Mistelbach/Altlichtenwarth"]
[BlackTeam "Stockerau"]
[WhiteTeamCountry "AUT"]
[BlackTeamCountry "AUT"]

1. e4 c5 2. Nf3 d6 3. d4 cxd4 4. Qxd4 Nc6 5. Bb5 Bd7 6. Bxc6 Bxc6 7. Nc3 Nf6 8. Bg5 e6 9. 0-0-0 Be7 10. Rhe1 0-0 11. Kb1 Qc7 12. Qd2 Rfc8 13. Nd4 b5 14. Nxc6 Qxc6 15. f3 a5 16. g4 a4 17. Ne2 a3 18. Bxf6 Bxf6 19. b3 g6 20. Qd3 Qc5 21. Rd2 b4 22. Qxd6 Qf2 23. Qg3 Qe3 24. Rd7 Bc3 25. Qg1 Qxf3 26. Qf1 Qxf1 27. Rxf1 Be5 28. h4 f6 29. Nd4 Ra6 30. Nf3 Bc3 31. h5 Rac6 32. hxg6 hxg6 33. Nh4 R6c7 34. Rfd1 Rxd7 35. Rxd7 Rc5 36. Nf3 f5 37. Ng5 fxg4 38. Rd8+ Kg7 39. Nxe6+ Kf7 40. Nxc5 g3 41. Rd3 g2 42. Rg3 Bd4 43. Rxg2 Bxc5 44. Kc1 Be3+ 45. Kd1 g5 46. Ke2 Bf4 47. Kf3 Ke6 48. Rg1 1-0